Every Single Mega Man Special Weapon - Statistics

General Stats
  • This quiz has been taken 43 times
  • The average score is 79 of 229
Answer Stats
Obtained From Weapon Name Effective Against % Correct
Fire Man Fire Storm Bomb Man/Oil Man
92%
Bomb Man Hyper Bomb Guts Man/Ice Man
92%
Ice Man Ice Slasher Fire Man
92%
Cut Man Rolling Cutter Elec Man/Bomb Man
92%
Guts Man Super Arm Cut Man
92%
Elec Man Thunder Beam Ice Man/Time Man
92%
Air Man Air Shooter Crash Man
85%
Wood Man Leaf Shield Air Man
85%
Quick Man Quick Boomerang Metal Man
85%
Flash Man Time Stopper Quick Man
85%
Bubble Man Bubble Lead Heat Man
77%
Crash Man Crash Bomber Flash Man
77%
Metal Man Metal Blade Bubble Man
77%
Time Man Time Slow Guts Man
77%
Heat Man Atomic Fire Wood Man
69%
Charge Man Charge Kick Wave Man
69%
Dive Man Dive Missile Drill Man
69%
Bright Man Flash Stopper Pharaoh Man
69%
Freeze Man Freeze Cracker Slash Man
69%
Gemini Man Gemini Laser Needle Man
69%
Hard Man Hard Knuckle Top Man
69%
Skull Man Skull Barrier Dive Man
69%
Slash Man Slash Claw Spring Man
69%
Top Man Top Spin Shadow Man
69%
Crystal Man Crystal Eye Napalm Man
62%
Drill Man Drill Bomb Toad Man
62%
Junk Man Junk Shield Freeze Man
62%
Magnet Man Magnet Missile Hard Man
62%
Napalm Man Napalm Bomb Stone Man
62%
Needle Man Needle Cannon Snake Man
62%
Oil Man Oil Slider Elec Man
62%
Pharaoh Man Pharaoh Shot Ring Man
62%
Plant Man Plant Barrier Tomahawk Man
62%
Stone Man Power Stone Charge Man
62%
Ring Man Ring Boomerang Dust Man
62%
Snake Man Search Snake Gemini Man
62%
Shadow Man Shadow Blade Spark Man
62%
Tomahawk Man Silver Tomahawk Yamato Man
62%
Spark Man Spark Shock Magnet Man
62%
Wave Man Water Wave Star Man
62%
Yamato Man Yamato Spear Knight Man
62%
Galaxy Man Black Hole Bomb Jewel Man
54%
Blizzard Man Blizzard Attack Plant Man
54%
Centaur Man Centaur Flash Wind Man
54%
Dust Man Dust Crusher Skull Man
54%
Flame Man Flame Blast Blizzard Man
54%
Sword Man Flame Sword Search Man
54%
Gravity Man Gravity Hold Gyro Man
54%
Gyro Man Gyro Attack Crystal Man
54%
Knight Man Knight Crusher Centaur Man
54%
Enker Mirror Buster N/a
54%
Toad Man Rain Flush Bright Man
54%
Turbo Man Scorch Wheel Burst Man
54%
Star Man Star Crash Gravity Man
54%
Tengu Man 2.0 Tengu Blade Magic Man
54%
Tengu Man Tornado Hold Clown Man
54%
Spring Man Wild Coil Shade Man
54%
Acid Man Acid Barrier Pile Man
46%
Astro Man Astro Crush Aqua Man
46%
Ballade Ballade Cracker N/a
46%
Block Man Block Dropper Acid Man
46%
Bounce Man Bounce Ball Fuse Man
46%
Chill Man Chill Spike Nitro Man
46%
Commando Man Commando Bomb Blade Man
46%
Concrete Man Concrete Shot Galaxy Man
46%
Astro Man 2.0 Copy Vision Dynamo Man
46%
Grenade Man Flash Bomb Frost Man
46%
Search Man Homing Sniper Astro Man
46%
Hornet Man Hornet Chaser Splash Woman
46%
Cold Man Ice Wall Burner Man
46%
Frost Man Ice Wave Tengu Man
46%
Splash Woman Laser Trident Concrete Man
46%
Magic Man Magic Card Astro Man
46%
Magma Man Magma Bazooka Hornet Man
46%
Shade Man Noise Crusher Turbo Man
46%
Plug Man Plug Ball Tornado Man
46%
Pirate Man Remote Mine Ground Man
46%
Solar Man Solar Blaze Chill Man
46%
Ground Man Spread Drill Tengu Man
46%
Cloud Man Thunder Bolt Junk Man
46%
Clown Man Thunder Claw Grenade Man
46%
Sheep Man Thunder Wool Pump Man
46%
Aqua Man Water Balloon Sword Man
46%
Pump Man Water Shield Solar Man
46%
Wind Man Wind Storm Flame Man
46%
Blast Man Chain Blast Block Man
38%
Burst Man Danger Wrap Cloud Man
38%
Mercury Grab Buster Pluto
38%
Dynamo Man Lightning Bolt Cold Man
38%
Impact Man Pile Driver Bounce Man
38%
Strike Man Rebound Striker Sheep Man
38%
Quint Sakugarne N/a
38%
Fuse Man Scramble Thunder Tundra Man
38%
Punk Screw Crusher N/a
38%
Tornado Man Tornado Blow Magma Bazooka
38%
Blade Man Triple Blade Strike Man
38%
Tundra Man Tundra Storm Torch Man
38%
Burner Man Wave Burner Pirate Man
38%
Nitro Man Wheel Cutter Commando Man
38%
Cyber Peacock Aiming Laser Storm Owl
31%
Saturn Black Hole Mercury
31%
Torch Man Blazing Torch Blast Man
31%
Boomer Kuwanger Boomerang Cutter Sting Chameleon
31%
Venus Bubble Bomb Jupiter
31%
Sting Chameleon Chameleon Sting Storm Eagle
31%
Crystal Snail Crystal Hunter Overdrive Ostrich
31%
Crescent Grizzly C-Shot Tidal Whale
31%
Dark Necrobat Dark Hold Spiral Pegasus
31%
Spark Mandrill Electric Spark Armored Armadillo
31%
Flame Mammoth Fire Wave Chill Penguin
31%
Blizzard Buffalo Frost Shield Toxic Seahorse
31%
Gravity Beetle Gravity Well Blast Hornet
31%
Launch Octopus Homing Torpedo Boomer Kuwanger
31%
Metal Shark Player Metal Anchor Shield Sheldon
31%
Rainy Turtloid Meteor Rain Metal Shark Player
31%
Neon Tiger Ray Splasher Gravity Beetle
31%
Armored Armadillo Rolling Shield Launch Octopus
31%
Neptune Salt Water Mars
31%
Chill Penguin Shotgun Ice Spark Mandrill
31%
Morph Moth Silk Shot Magna Centipede
31%
Overdrive Ostrich Sonic Slicer Wire Sponge
31%
Split Mushroom Soul Body Cyber Peacock
31%
Storm Eagle Storm Tornado Flame Mammoth
31%
Wire Sponge Strike Chain Wheel Gator
31%
Tunnel Rhino Tornado Fang Volt Catfish
31%
Volt Catfish Triad Thunder Crush Crawfish
31%
Commander Yammark Yammar Option Ground Scaravich
31%
Toxic Seahorse Acid Burst Tunnel Rhino
23%
Pluto Break Dash Uranus
23%
Bubble Crab Bubble Splash Flame Stag
23%
Crescent Grizzly C-Sword Tidal Whale
23%
Uranus Deep Digger Terra
23%
Storm Owl Double Cyclone Magma Dragoon
23%
Jupiter Electric Shock Saturn
23%
Shining Firefly F-Laser Dark Necrobat
23%
Frost Walrus Frost Tower Jet Stingray
23%
Soldier Stonekong Gaea Shield Tornado Tonion
23%
Tidal Whale Goo Shaver Volt Kraken
23%
Ground Scaravich Ground Dash Blaze Heatnix
23%
Burn Dinorex Ground Fire Spike Rosered
23%
Jet Stingray Ground Hunter Slash Beast
23%
Shield Sheldon Guard Shell Infinity Mijinion
23%
Blizzard Wolfang Ice Burst Rainy Turtloid
23%
Web Spider Lightning Web Split Mushroom
23%
Blaze Heatnix Magma Blade Blizzard Wolfang
23%
Magna Centipede Magnet Mine Crystal Snail
23%
Blast Hornet Parasite Bomb Blizzard Buffalo
23%
Mars Photon Missile Venus
23%
Infinity Mijinion Ray Arrow Commander Yammark
23%
Magma Dragoon Rising Fire Frost Walrus
23%
Terra Spark Chaser Neptune
23%
Flame Stag Speed Burner Morph Moth
23%
Spike Rosered Spike Ball Crescent Grizzly
23%
Crush Crawfish Spinning Blade Neon Tiger
23%
Wheel Gator Spin Wheel Bubble Crab
23%
Volt Kraken Tri-Thunder Shining Firefly
23%
Slash Beast Twin Slasher Web Spider
23%
Spiral Pegasus Wing Spiral Burn Dinorex
23%
Aircon Man Barrier Wind Dangan Man, Komuso Man
15%
Flame Hyenard Circle Blaze Ride Boarski
15%
Earthrock Trilobyte Crystal Wall Gigabolt Man-O-War
15%
Komuso Man Doppel Crash Clock Men
15%
Komuso Man Doppler Attack Clock Men
15%
Volt Kraken E-Blade Shining Firefly
15%
Rainy Turtloid Ensuizan Metal Shark Player
15%
Vanishing Gungaroo Explosion Soldier Stonekong
15%
Konro Man Flame Mixer Aircon Man
15%
Konro Man Flame Shower Aircon Man
15%
Aircon Man Forte Cyclone Dangan Man, Komuso Man
15%
Dangan Man Forte Vulcan Konro Man
15%
Tidal Whale F-Splasher Volt Kraken
15%
Jewel Man Jewel Satalite Plug Man
15%
Split Mushroom Kuuenbu N/a
15%
Split Mushroom Kuuenzan N/a
15%
Ride Boarski Moving Wheel Snipe Anteater
15%
Burn Dinorex Quake Blazer Spike Rosered
15%
Web Spider Raijingeki Split Mushroom, Slash Beast
15%
Cyber Peacock Rakuhouha Storm Owl
15%
Metal Shark Player Rakukojin Shield Sheldon
15%
Infinity Mijinion Rekkoha Commander Yammark
15%
Dangan Man Rockn Vulcan Konro Man
15%
Magma Dragoon Ryuenjin Cyber Peacock, Frost Walrus
15%
Optic Sunflower Shining Ray Dark Mantis
15%
Blaze Heatnix Shouenzan Blizzard Wolfang
15%
Snipe Anteater Sniper Missile Wind Crowrang
15%
Splash Warfly Splash Laser Flame Hyenard
15%
Splash Warfly Suiretsusen Flame Hyenard
15%
Clock Men Time Bomb N/a
15%
Clock Men Time Switch N/a
15%
Spike Rosered Twin Dream Crescent Grizzly
15%
Tornado Tonion Volt Tornado Splash Warfly
15%
Wind Crowrang Wind Cutter Vanishing Gungaroo
15%
Flame Hyenard Bakuenjin Ride Boarski
8%
Shining Firefly C-Flasher Dark Necrobat
8%
Avalanche Yeti Drift Diamond Burn Rooster
8%
Soldier Stonekong Gokumonken Tornado Tonion
8%
Bamboo Pandamonium Green Spinner Optic Sunflower
8%
Vanishing Gungaroo Hadangeki Soldier Stonekong
8%
Snipe Anteater Hieijin Wind Crowrang
8%
Jet Stingray Hienkyaku N/a
8%
Blizzard Wolfang Hyoroga N/a
8%
Frost Walrus Hyouretsuzan Jet Stingray
8%
Burn Rooster Melt Creeper Bamboo Pandamonium
8%
Tornado Tonion Raijinshou Splash Warfly
8%
Ground Scaravich Sentsuizan Blaze Heatnix
8%
Dark Mantis Shadow Runner Gravity Antinion
8%
Slash Beast Shippuuga Web Spider
8%
Wind Crowrang Souenbu Vanishing Gungaroo
8%
Gravity Antinion Squeeze Bomb Earthrock Trilobyte
8%
Storm Owl Tenkuuha N/a
8%
Optic Sunflower Tenshouha Dark Mantis
8%
Gigabolt Man-O-War Thunder Dancer Avalanche Yeti
8%
Spiral Pegasus W-Shredder Burn Dinorex
8%
Ride Boarski Zankourin Snipe Anteater
8%
Dark Mantis Black Arrow Gravity Antinion
0%
Bamboo Pandamonium Blast Launcher Optic Sunflower
0%
Earthrock Trilobyte Bound Blaster Gigabolt Man-O-War
0%
Burn Rooster Enkoujin Bamboo Pandamonium
0%
Burn Rooster Flame Burner Bamboo Pandamonium
0%
Avalanche Yeti Hyouryuushou Burn Rooster
0%
Avalanche Yeti Ice Gattling Burn Rooster
0%
Gravity Antinion Juuhazan Earthrock Trilobyte
0%
Gigabolt Man-O-War Plasma Gun Avalanche Yeti
0%
Gigabolt Man-O-War Raikousen Avalanche Yeti
0%
Dark Mantis Rasetsusen Gravity Antinion
0%
Optic Sunflower Ray Gun Dark Mantis
0%
Earthrock Trilobyte Rekkyoudan Gigabolt Man-O-War
0%
Gravity Antinion Spiral Magnum Earthrock Trilobyte
0%
Bamboo Pandamonium Youdantotsu Optic Sunflower
0%
No matching quizzes found
Score Distribution
Percent of People with Each Score
Percentile by Number Answered
Your Score History
You have not taken this quiz